| 000 | 00349nam a2200145Ia 4500 | ||
|---|---|---|---|
| 008 | 210210b1965 xxu||||| |||| 00| 0 eng d | ||
| 082 | _a915.404 CROG | ||
| 100 | _aCROFT-COOKE (Rupert). | ||
| 245 | _aGorgeous east one man's India. | ||
| 260 |
_aLondon _bW H Allen _c1965 |
||
| 300 | _a195 | ||
| 650 | _aIndia | ||
| 690 | _aTravel | ||
| 906 | _a029070 | ||
| 999 |
_c80298 _d80298 |
||